LEADER 01121nam2-2200349---450- 001 990009756810403321 005 20130802140721.0 010 $a0-7141-1277-1$b1. 035 $a000975681 035 $aFED01000975681 035 $a(Aleph)000975681FED01 035 $a000975681 100 $a20130802g20019999km-y0itay50------ba 101 0 $aeng 102 $aGB 105 $aa---b---001yy 200 1 $aGreat Britain 210 $aCambridge$cThe British Museum Press,$d2001- 215 $av.$cill.$d33 cm 327 0 $a1: The British Museum, fascicule 1: Archaic and classical mirrors (early tanged & related mirrors) / Text by Judith Swaddling ; drawings by Susan Bird. - 192 p. : ill. ; 33 cm 461 0$1001000919071$12001$aCorpus speculorum Etruscorum 610 0 $aSpecchi etruschi$aBritish Museum$aCataloghi 676 $a739.5 702 1$aSwaddling,$bJudith 702 1$aBird,$bSusan 801 0$aIT$bUNINA$gRICA$2UNIMARC 901 $aBK 912 $a990009756810403321 952 $a739.5 CSE GRAN BRETAGNA 1$bbibl.$fFLFBC 959 $aFLFBC 996 $aGreat Britain$9297242 997 $aUNINA LEADER 01286nam0-22003971i-450- 001 990006405800403321 005 20121017091055.0 010 $a88-13-20840-5 035 $a000640580 035 $aFED01000640580 035 $a(Aleph)000640580FED01 035 $a000640580 100 $a20121017d1998----km-y0itay50------ba 101 0 $aita 102 $aIT 105 $ay---n---001yy 200 1 $a<>servizi di controllo interno e i nuclei di valutazione delle pubbliche amministrazioni$efondamenti, compiti, tecniche, nodi problematici, esperienze$fcoordinatori Alessandro Caloprisco, Maurizio De Paolis 210 $aPadova$cCEDAM$d1998 215 $aXIV, 393 p.$d24 cm 610 0 $aAmministrazione pubblica$acontrolli 676 $a350.007 5$v20$zit 702 1$aCaloprisco,$bAlessandro 702 1$aDe Paolis,$bMaurizio 801 0$aIT$bUNINA$gRICA$2UNIMARC 901 $aBK 912 $a990006405800403321 952 $aVI H 238$b37798*$fFGBC 952 $aVIII B 106$b33348$fFSPBC 952 $aVI B 862$bs.i.$fDDA 952 $aXI A 74$b2947$fDDCIC 959 $aFGBC 959 $aFSPBC 959 $aDDA 959 $aDDCIC 996 $aServizi di controllo interno e i nuclei di valutazione delle pubbliche amministrazioni$9661024 997 $aUNINA